000 00939nas a2200313 4500
001 BR0801712
003 BR-BrBNA
005 20231205111736.0
007 ta
008 230509b bl.|||p| |||| 00| 00por d
040 _aBR-BrBNA
_bpor
_cBiblioteca Nacional de Agricultura
041 _a(Pt)
072 _aL73
100 1 _aFeitosa, M.M.
100 1 _aIkeda, F.A.
100 1 _aBonello, F.L.
100 1 _aCiarlini, P.C.
100 1 _aGonçalves, M.E.
100 1 _aLima, V.M.F. de
100 1 _aPerri, S.H.V.
245 1 _aAvaliação liquórica de cães, com e sem sintomatologia neurológica, naturalmente acometidos por leishmaniose visceral
650 _aCÃO
650 _aLÍQUIDO
650 _aSISTEMA NERVOSO
650 _aLEISHMANIOSE
773 0 _tVeterinária Notícias (Brazil)
_xISSN 0104-3463
_g(2005), v. 11(2) p. 61-69
_wBR0801712
909 _a202311
_bLúcia
_c55
_dLúcia Elande
942 _2AGRIS
_n0
_cANA
999 _c194262
_d194262